Beyond the horizon / (Record no. 53990)

MARC details
000 -LEADER
fixed length control field 00722nam a22002297a 4500
005 - DATE AND TIME OF LATEST TRANSACTION
control field 20110719105011.0
008 - FIXED-LENGTH DATA ELEMENTS--GENERAL INFORMATION
fixed length control field 110719t xxu||||| |||| 00| 0 eng d
010 ## - LCCN (DPL NO)
LC control number ENG-103038
020 ## - INTERNATIONAL STANDARD BOOK NUMBER
International Standard Book Number 9788184246520
Terms of availability 175.00
035 ## - SYSTEM CONTROL NUMBER
System control number EN-86571
037 ## - SOURCE OF ACQUISITION
Source of stock number/acquisition DBAD/PUB
040 ## - CATALOGING SOURCE
Original cataloging agency Dpl
Language of cataloging Eng
082 ## - DEWEY DECIMAL CLASSIFICATION NUMBER
Classification number N
100 ## - MAIN ENTRY--PERSONAL NAME
9 (RLIN) 29676
Personal name Hanumantha Rao, V.
245 ## - TITLE STATEMENT
Title Beyond the horizon /
Statement of responsibility, etc by V. Hanumantha Rao
260 ## - PUBLICATION, DISTRIBUTION, ETC. (IMPRINT)
Place of publication, distribution, etc New Delhi
Name of publisher, distributor, etc Allied Publishers
Date of publication, distribution, etc 2011
270 ## - ADDRESS
Address 1/13-14 Asaf Ali Road
City New Delhi
Postal code 110002
300 ## - PHYSICAL DESCRIPTION
Extent 184p.
Dimensions 22cm (pbk)
700 ## - ADDED ENTRY--PERSONAL NAME
9 (RLIN) 29668
942 ## - ADDED ENTRY ELEMENTS (KOHA)
Source of classification or shelving scheme Dewey Decimal Classification
Item type English Books
Call number suffix HAN
Classification part N
Holdings
Withdrawn status Lost status Source of classification or shelving scheme Damaged status Not for loan Collection code Home library Current library Date acquired Source of acquisition Cost, normal purchase price Total Checkouts Full call number Barcode Date last seen Copy number Cost, replacement price Koha item type
    Dewey Decimal Classification   Not For Loan Fiction D.B.Act.Division Sarojini Nagar 19/07/2011 DBAD/PUB 175.00   N HAN EN-86571 19/07/2011 1 175.00 English Books

© Delhi Public Library
Hit Counter
free hit counter